Energy performance certificates (Record no. 80615)

MARC details
000 -LEADER
fixed length control field 00792cab a22001815a 4500
001 - CONTROL NUMBER
control field L144852
008 - FIXED-LENGTH DATA ELEMENTS--GENERAL INFORMATION
fixed length control field 080813e2008 xxk 000 0 eng d
035 ## - SYSTEM CONTROL NUMBER
System control number (Sirsi) u144852
041 0# - LANGUAGE CODE
Language code of text/sound track or separate title eng
245 00 - TITLE STATEMENT
Title Energy performance certificates
Remainder of title landlord and tenant guide
260 ## - PUBLICATION, DISTRIBUTION, ETC.
Date of publication, distribution, etc. 2008
490 ## - SERIES STATEMENT
Series statement Agreement
Volume/sequential designation 15(4) August 2008, 8-9(2)
520 ## - SUMMARY, ETC.
Summary, etc. Article consists of sections taken from a new Association of Residential Letting Agents leaflet on Energy performance certificates (EPCs). Discusses the practical impacts of EPCs for residential landlords and provides a selection of frequently asked questions.
650 24 - SUBJECT ADDED ENTRY--TOPICAL TERM
Topical term or geographic name entry element ENERGY PERFORMANCE CERTIFICATES
651 #4 - SUBJECT ADDED ENTRY--GEOGRAPHIC NAME
Geographic name United Kingdom
Chronological subdivision
690 ## - LOCAL SUBJECT ADDED ENTRY--TOPICAL TERM (OCLC, RLIN)
Topical term or geographic name as entry element ENVIRONMENTAL AND LAND CONSULTANCY-ENERGY-ENERGY USE-ENERGY EFFICIENCY
942 ## - ADDED ENTRY ELEMENTS (KOHA)
Suppress in OPAC 0
Holdings
Withdrawn status Lost status Source of classification or shelving scheme Damaged status Not for loan Home library Current library Shelving location Date acquired Total Checkouts Full call number Barcode Date last seen Copy number Price effective from Koha item type
    Dewey Decimal Classification     London London Journal article 13/08/2008   L144852 144852-1001 06/08/2019 1 06/08/2019 Journal article